000 00708ngm a2200181 a 4500
005 20210219145959.0
008 991125s1970 mx 014 aaspa u
035 _aUPN01000004983
049 _aAV
099 _aPVI H 0136
245 0 0 _aAumento de la productividad.
260 _aMéxico :
_bPelículas Ebesa,
_c[197-?]
300 _a1 videocasete (VHS) (14 min.) :
_bson., col.
520 _aUn buen administrador debe emplear la energía con inteligencia. Cuando se originan cambios generalmente causan problemas, ese es el momento de buscar soluciones. Se aconseja algunas recomendaciones
650 4 _aPRODUCTIVIDAD -
_xADMINISTRACION
650 4 _aPRODUCTIVIDAD -
_xEFICIENCIA
905 _aAudiovisuales
999 _c4983
_d4983